000 00761cab a2200265 4500
001 WB3140-20
008 090401t1995 xxu||||| |||| 00| 0 eng d
035 _a(Sirsi) u9096
041 _aeng
245 _aHousing body bids for MoD homes
260 _c1995
350 _a0
490 _aFinancial Times
_v24 October 1995, 10(1)
520 _aAttempts by Home Housing Association to purchase 1,800 surplus MoD married quarters is being hampered by bureaucracy.
650 _aDEFENCE PROPERTY
650 _aHOME HOUSING ASSOCIATION
650 _aHOUSING STOCK
650 _aMARRIED QUARTERS
650 _aMINISTRY OF DEFENCE
650 _aPROPERTY SALES
650 _aSURPLUS PROPERTY
690 _aHOUSING
942 _n0
948 _c04/03/1997
999 _c5637
_d5637